| 000 | 00555nam a2200205Ia 4500 | ||
|---|---|---|---|
| 005 | 20250923145949.0 | ||
| 008 | 008 250917s9999 xx 000 0 eng d | ||
| 037 | _aTextual | ||
| 040 |
_aDSWL _beng _cDSWL |
||
| 041 |
_aeng _2eng |
||
| 084 |
_aYobYX, N97 _qDSWL |
||
| 100 |
_aDominelli, Lena _9840782 |
||
| 245 | 0 |
_aSociology for Social Work _c by Lena Dominelli |
|
| 260 |
_aLondon _bMacmillan _c1997 |
||
| 300 | _aix,294 p. | ||
| 365 |
_aGBP _b19.99 |
||
| 925 | _g19.99 | ||
| 942 |
_cTEXL _hYobYX, N97 |
||
| 999 |
_c1457884 _d1457884 |
||